000 01003nam a22002657a 4500
005 20180309120657.0
010 _aENG-109937
020 _a9789381335536
_c275.00
020 _c295.00
035 _aEN-93470
035 _aB-537220-226
035 _aB-667721
037 _bDBAD/PUB
037 _bK.K.Pub/Ven
_adpl
082 _a658.8
100 _aMaheshwari, Rajendra P.
245 _aMarketing management :
_cby Rajendra P. Maheshwari [and] Lokesh Jindal
_btheory and practice for BBA,BBS, BBE, BFA and other under-graduate courses /
260 _aNew Delhi
_bInternational Book House
_c2013
270 _a2/42, Ansari Road, Daryaganj
_bNew Delhi
_e110002
300 _a317p. :
_c24cm(pbk)
_bill.
700 _aJindal, Lokesh
942 _2ddc
_cEN
_mMAH
_h658.8
999 _c84063
_d84063